Romania's Abandoned Children: Deprivation, Brain Development, And The Struggle For Recovery (Record no. 346600)
[ view plain ]
| 000 -LEADER | |
|---|---|
| fixed length control field | 00425nam a2200109Ia 4500 |
| 008 - FIXED-LENGTH DATA ELEMENTS--GENERAL INFORMATION | |
| fixed length control field | 171204s9999 xx 000 0 und d |
| 245 ## - TITLE STATEMENT | |
| Title | Romania's Abandoned Children: Deprivation, Brain Development, And The Struggle For Recovery |
| 245 ## - TITLE STATEMENT | |
| Statement of responsibility, etc | Charles A. Nelson and Nathan A. Fox |
| 260 ## - PUBLICATION, DISTRIBUTION, ETC. (IMPRINT) | |
| Date of publication, distribution, etc | 2014 |
| 650 ## - SUBJECT ADDED ENTRY--TOPICAL TERM | |
| General subdivision | SPED 4-5 Observational Child Study |
| 856 ## - ELECTRONIC LOCATION AND ACCESS | |
| Uniform Resource Identifier | <a href="http://down.ebook777.com/026/RomAbaChiDepBraDevAndTheStrForRec.pdf">http://down.ebook777.com/026/RomAbaChiDepBraDevAndTheStrForRec.pdf</a> |
| Withdrawn status | Lost status | Damaged status | Home library | Current library | Date acquired | Total Checkouts | Date last seen | Price effective from | Koha item type |
|---|---|---|---|---|---|---|---|---|---|
| College Library | College Library | 12/04/2017 | 12/04/2017 | 12/04/2017 | Curriculum - Based eBooks |